[Event "HUN-chT 1819"]
[Site "Hungary"]
[Date "2019.04.28"]
[Round "9.2"]
[White "Schubert, Gyula"]
[Black "Gara, Ticia"]
[Result "0-1"]
[WhiteElo "1987"]
[BlackElo "2324"]
[PlyCount "76"]
[EventDate "2018.11.17"]
[EventType "team-tourn"]
[EventRounds "9"]
[EventCountry "HUN"]
[SourceTitle "CBM 190 Extra"]
[Source "ChessBase"]
[SourceDate "2019.07.15"]
[SourceVersion "1"]
[SourceVersionDate "2019.07.15"]
[SourceQuality "1"]
[WhiteTeam "Dunaharaszti"]
[BlackTeam "Aquaprofit"]
[WhiteTeamCountry "HUN"]
[BlackTeamCountry "HUN"]

1. d4 Nf6 2. Nf3 c5 3. e3 e6 4. Bd3 b6 5. Nbd2 Bb7 6. 0-0 Be7 7. c3 0-0 8. b3 Nc6 9. Bb2 d5 10. Ne5 Bd6 11. f4 Ne7 12. Qf3 Ng6 13. Qh3 Bxe5 14. fxe5 Ne4 15. Bxe4 dxe4 16. Rf2 b5 17. Qg4 cxd4 18. cxd4 Qd5 19. Ba3 Rfc8 20. Nf1 a5 21. Bd6 f5 22. Qg5 Rc3 23. Rd1 Rac8 24. h4 Nh8 25. Qg3 Nf7 26. Be7 Nh6 27. Nh2 Kh8 28. Rfd2 b4 29. Qf4 Rd3 30. Bc5 Rxd2 31. Rxd2 Rxc5 32. g4 Rc1+ 33. Kg2 Qd8 34. gxf5 Nxf5 35. Kh3 Rg1 36. Rc2 Rg3+ 37. Qxg3 Nxg3 38. Kxg3 h5 0-1

[Event "HUN-chT2 Maroczy 1819"]
[Site "Hungary"]
[Date "2019.03.10"]
[Round "9.10"]
[White "Schubert, Gyula"]
[Black "Lazar, Janos"]
[Result "1-0"]
[WhiteElo "2010"]
[BlackElo "2133"]
[PlyCount "65"]
[EventDate "2018.09.23"]
[EventType "team-tourn"]
[EventRounds "11"]
[EventCountry "HUN"]
[SourceTitle "EXT 2020"]
[Source "ChessBase"]
[SourceDate "2019.10.17"]
[SourceVersion "1"]
[SourceVersionDate "2019.10.17"]
[SourceQuality "1"]
[WhiteTeam "Dunaharaszti II"]
[BlackTeam "Kisujszallas"]
[WhiteTeamCountry "HUN"]
[BlackTeamCountry "HUN"]

1. d4 g6 2. Nf3 Bg7 3. e4 d6 4. Nbd2 Nd7 5. Be2 e5 6. c3 Ne7 7. 0-0 0-0 8. Re1 h6 9. Qb3 c5 10. dxe5 Nxe5 11. Nxe5 dxe5 12. Bc4 b6 13. Nf1 Bb7 14. f3 Nc6 15. Rd1 Qc7 16. Bd5 Ne7 17. Bxb7 Qxb7 18. Be3 Qc7 19. Nd2 Rad8 20. Nc4 Rxd1+ 21. Rxd1 Rd8 22. a4 Nc8 23. Rxd8+ Qxd8 24. a5 Qd3 25. Kf2 Nd6 26. Nxd6 Qxd6 27. Qb5 g5 28. a6 Bf8 29. b4 cxb4 30. cxb4 Qxb4 31. Qxb4 Bxb4 32. Bxb6 axb6 33. a7 1-0

[Event "Hajduszoboszlo op 19th"]
[Site "Hajduszoboszlo"]
[Date "2014.06.26"]
[Round "3"]
[White "Cselenyi, Balazs"]
[Black "Schubert, Gyula"]
[Result "1-0"]
[WhiteElo "2190"]
[BlackElo "2032"]
[PlyCount "134"]
[EventDate "2014.06.25"]
[EventType "swiss"]
[EventRounds "7"]
[EventCountry "HUN"]
[SourceTitle "CBM 161 Extra"]
[Source "ChessBase"]
[SourceDate "2014.08.29"]
[SourceVersion "1"]
[SourceVersionDate "2014.08.29"]
[SourceQuality "1"]

1. d4 Nf6 2. c4 g6 3. Nc3 Bg7 4. e4 d6 5. Nf3 0-0 6. Be2 e5 7. 0-0 exd4 8. Nxd4 Re8 9. f3 c6 10. Be3 Nbd7 11. Qd2 Nc5 12. Rfd1 Qb6 13. Rac1 a5 14. b3 Nfd7 15. Nc2 Qc7 16. Bd4 Bf8 17. h3 b6 18. Ne1 Bb7 19. Nd3 Rad8 20. Nf2 h5 21. f4 Bh6 22. Be3 Bf8 23. Bf3 Bc8 24. g4 h4 25. g5 f5 26. exf5 gxf5 27. Bh5 Re7 28. Bg6 Bg7 29. Bd4 Nf8 30. Bh5 Nce6 31. Be3 Nc5 32. Re1 Be6 33. Bd4 Bc8 34. Bf6 Bxf6 35. gxf6 Re6 36. f7+ Kh7 37. Kh1 Ng6 38. Rg1 Qxf7 39. Rce1 Rxe1 40. Qxe1 Rg8 41. Qe2 Ne6 42. Nd3 Bd7 43. Qf2 Qf6 44. Ne2 b5 45. Qa7 Nef8 46. Qxa5 Qe6 47. Qd2 bxc4 48. bxc4 Qe4+ 49. Kh2 Qxc4 50. Qe3 Be6 51. Nd4 Bd5 52. Nf3 Qxa2+ 53. Rg2 Qa4 54. Rb2 Qa1 55. Ng5+ Kh6 56. Bf3 Bxf3 57. Qxf3 Rg7 58. Qxc6 Nxf4 59. Qxd6+ N8g6 60. Rf2 Nxd3 61. Qxd3 Kxg5 62. Qxf5+ Kh6 63. Rg2 Qe5+ 64. Qxe5 Nxe5 65. Rxg7 Kxg7 66. Kg2 Kf6 67. Kf2 Kg5 1-0

[Event "HUN-chT2 Maroczy 1011"]
[Site "Hungary"]
[Date "2011.04.10"]
[Round "8"]
[White "Szava, Miklos"]
[Black "Schubert, Gyula"]
[Result "1-0"]
[WhiteElo "2093"]
[BlackElo "2133"]
[PlyCount "103"]
[EventDate "2010.09.12"]
[EventType "team-tourn"]
[EventRounds "11"]
[EventCountry "HUN"]
[SourceTitle "EXT 2012"]
[Source "ChessBase"]
[SourceDate "2011.11.24"]
[SourceVersion "1"]
[SourceVersionDate "2011.11.24"]
[SourceQuality "1"]
[WhiteTeam "Debrecen SBE"]
[BlackTeam "Dunaharaszti"]
[WhiteTeamCountry "HUN"]
[BlackTeamCountry "HUN"]

1. e4 d6 2. d4 Nf6 3. Nc3 g6 4. Bg5 Bg7 5. e5 Nfd7 6. Nd5 f6 7. exf6 exf6 8. Qe2+ Kf8 9. Be3 c6 10. Nf4 Nb6 11. 0-0-0 d5 12. h4 Na6 13. h5 Kf7 14. Qf3 Bf5 15. Bd3 Qd7 16. Qg3 Nb4 17. Kb1 Nxd3 18. Nxd3 Nc4 19. Bc1 b6 20. Nf3 Rae8 21. Nh4 Nd6 22. f3 Bxd3 23. Rxd3 g5 24. Bxg5 fxg5 25. Qxg5 Qe7 26. Qg3 Bh6 27. f4 Rhg8 28. Qf3 Qf6 29. a3 Re4 30. Qh3 Qe6 31. f5 Re1+ 32. Ka2 Qe4 33. f6 Rd8 34. Rxe1 Qxe1 35. Nf5 Bf8 36. Re3 Qf2 37. Nh6+ Bxh6 38. Qe6+ Kf8 39. Qe7+ Kg8 40. Qxd8+ Bf8 41. Rc3 Nc4 42. f7+ Kg7 43. Qg5+ Kxf7 44. Rf3+ Qxf3 45. gxf3 Nd6 46. Qe5 a5 47. Qh8 h6 48. Qh7+ Ke6 49. Qc7 a4 50. Qxb6 Kd7 51. Qa7+ Ke6 52. Qxa4 1-0

[Event "HUN-chT2 Erkel 0910"]
[Site "Hungary"]
[Date "2010.02.28"]
[Round "7.6"]
[White "Schubert, Gyula"]
[Black "Honsch, Pal"]
[Result "1-0"]
[WhiteElo "2137"]
[BlackElo "2015"]
[PlyCount "121"]
[EventDate "2009.11.08"]
[EventType "team-tourn"]
[EventRounds "11"]
[EventCountry "HUN"]
[SourceTitle "EXT 2011"]
[Source "ChessBase"]
[SourceDate "2010.11.26"]
[SourceVersion "1"]
[SourceVersionDate "2010.11.26"]
[SourceQuality "1"]
[WhiteTeam "Dunaharaszti"]
[BlackTeam "Vaci"]
[WhiteTeamCountry "HUN"]
[BlackTeamCountry "HUN"]

1. d4 Nf6 2. Nf3 e6 3. e3 c5 4. Bd3 b6 5. Nbd2 cxd4 6. exd4 Bb7 7. 0-0 Be7 8. Re1 d6 9. c3 Nbd7 10. Nf1 Qc7 11. Ng3 0-0 12. Qe2 Rfe8 13. Bg5 a6 14. Rac1 b5 15. b3 Bc6 16. Bb1 Qb7 17. Qd3 Bxf3 18. gxf3 Nf8 19. Bd2 Ng6 20. Ne4 Nh5 21. Ng5 Nf6 22. Qe3 Bf8 23. Ne4 Nd5 24. Qg5 Qe7 25. Qxe7 Bxe7 26. c4 bxc4 27. bxc4 Ndf4 28. c5 dxc5 29. Nxc5 Red8 30. Be3 Nd5 31. Be4 Ra7 32. Rb1 Nc3 33. Rb3 Nd5 34. Reb1 Kf8 35. Rb8 Ke8 36. Bd3 Bxc5 37. dxc5 Nxe3 38. Bxg6 hxg6 39. fxe3 Rxb8 40. Rxb8+ Kd7 41. Rb6 a5 42. a4 Kc7 43. Kf2 Rb7 44. Ra6 Rb2+ 45. Kg3 Kd7 46. Ra7+ Ke8 47. Rxa5 Rc2 48. Rb5 Ke7 49. a5 Ra2 50. h4 f5 51. c6 Kd6 52. Rc5 Kc7 53. Kf4 Rh2 54. Ke5 Rxh4 55. Kxe6 Ra4 56. Kf7 Ra3 57. e4 fxe4 58. fxe4 g5 59. e5 g4 60. e6 g3 61. e7 1-0

[Event "HUN-chT2 Erkel 0910"]
[Site "Hungary"]
[Date "2010.01.31"]
[Round "5.7"]
[White "Bajnoczi, Peter"]
[Black "Schubert, Gyula"]
[Result "0-1"]
[WhiteElo "1929"]
[BlackElo "2137"]
[PlyCount "62"]
[EventDate "2009.11.08"]
[EventType "team-tourn"]
[EventRounds "11"]
[EventCountry "HUN"]
[SourceTitle "EXT 2011"]
[Source "ChessBase"]
[SourceDate "2010.11.26"]
[SourceVersion "1"]
[SourceVersionDate "2010.11.26"]
[SourceQuality "1"]
[WhiteTeam "Godollo"]
[BlackTeam "Dunaharaszti"]
[WhiteTeamCountry "HUN"]
[BlackTeamCountry "HUN"]

1. e4 c5 2. d4 cxd4 3. c3 dxc3 4. Nxc3 Nc6 5. Nf3 a6 6. Bc4 e6 7. 0-0 Nge7 8. Be3 b5 9. Bb3 Ng6 10. Nd4 Na5 11. f4 Bc5 12. f5 Ne5 13. Qh5 Nac6 14. Nc2 Bxe3+ 15. Nxe3 Qb6 16. Qg5 h6 17. Qf4 0-0 18. f6 g5 19. Qg3 Ng6 20. Kh1 Nce5 21. Ng4 Nxg4 22. Qxg4 b4 23. Ne2 Bb7 24. Rae1 Rac8 25. Rf3 Kh7 26. Qh5 Bxe4 27. Rh3 Nh4 28. Rxh4 gxh4 29. Qg4 Bg6 30. Qxh4 Qe3 31. Nf4 Rc1 0-1

[Event "HUN-chT2 Erkel 0910"]
[Site "Hungary"]
[Date "2009.12.20"]
[Round "4.5"]
[White "Schubert, Gyula"]
[Black "Kustra, Pal"]
[Result "1-0"]
[WhiteElo "2137"]
[BlackElo "2131"]
[PlyCount "69"]
[EventDate "2009.11.08"]
[EventType "team-tourn"]
[EventRounds "11"]
[EventCountry "HUN"]
[SourceTitle "EXT 2011"]
[Source "ChessBase"]
[SourceDate "2010.11.26"]
[SourceVersion "1"]
[SourceVersionDate "2010.11.26"]
[SourceQuality "1"]
[WhiteTeam "Dunaharaszti"]
[BlackTeam "Pestszentlorinc"]
[WhiteTeamCountry "HUN"]
[BlackTeamCountry "HUN"]

1. d4 g6 2. e4 Bg7 3. Nf3 c5 4. c3 b6 5. Bd3 Bb7 6. 0-0 e6 7. Bf4 Ne7 8. Nbd2 0-0 9. dxc5 bxc5 10. Bd6 Re8 11. Bxc5 d5 12. e5 Nbc6 13. Re1 Nc8 14. Nb3 Rb8 15. Qe2 Qc7 16. Bb5 Rd8 17. Nbd4 Nxe5 18. Nxe5 Qxc5 19. Nxf7 Kxf7 20. Nxe6 Qe7 21. Qf3+ Bf6 22. Ng5+ Kg7 23. Rxe7+ Nxe7 24. Ne6+ Kf7 25. Nxd8+ Rxd8 26. Re1 Ba8 27. Qe3 d4 28. Qe6+ Kg7 29. cxd4 Rxd4 30. Qa6 Rg4 31. Rxe7+ Bxe7 32. Qxa7 Bxg2 33. Qxe7+ Kh6 34. Qf8+ Kg5 35. h4+ 1-0

[Event "HUN-chT2 Maroczy 0809"]
[Site "Hungary"]
[Date "2009.03.08"]
[Round "9"]
[White "Schubert, Gyula"]
[Black "Jusko, Olga"]
[Result "1-0"]
[WhiteElo "2158"]
[BlackElo "2113"]
[PlyCount "59"]
[EventDate "2008.10.26"]
[EventType "team-tourn"]
[EventRounds "11"]
[EventCountry "HUN"]
[SourceTitle "EXT 2010"]
[Source "ChessBase"]
[SourceDate "2010.11.25"]
[SourceVersion "1"]
[SourceVersionDate "2010.11.25"]
[SourceQuality "1"]
[WhiteTeam "Dunaharaszti"]
[BlackTeam "Munkacs"]
[WhiteTeamCountry "HUN"]
[BlackTeamCountry "HUN"]

1. d4 e6 2. Nf3 f5 3. g3 Nf6 4. Bg2 Be7 5. 0-0 0-0 6. b3 d6 7. Bb2 Nbd7 8. Nbd2 Qe8 9. Ng5 Bd8 10. e4 Nxe4 11. Ngxe4 fxe4 12. Nxe4 Qg6 13. Qe2 Nf6 14. c4 Nxe4 15. Bxe4 Qh6 16. Rad1 Bf6 17. Bc1 Qh3 18. f4 Kh8 19. Bg2 Qf5 20. g4 Qa5 21. g5 Bd8 22. Be4 g6 23. d5 c6 24. Bd2 Qb6+ 25. Be3 c5 26. Qg2 Be7 27. Bc1 Re8 28. Bb2+ Kg8 29. Qc2 exd5 30. Bxd5+ 1-0

[Event "HUN-chT2 Maroczy 0809"]
[Site "Hungary"]
[Date "2009.02.08"]
[Round "7"]
[White "Telek, Gabor"]
[Black "Schubert, Gyula"]
[Result "1/2-1/2"]
[WhiteElo "2126"]
[BlackElo "2158"]
[PlyCount "67"]
[EventDate "2008.10.26"]
[EventType "team-tourn"]
[EventRounds "11"]
[EventCountry "HUN"]
[SourceTitle "EXT 2010"]
[Source "ChessBase"]
[SourceDate "2010.11.25"]
[SourceVersion "1"]
[SourceVersionDate "2010.11.25"]
[SourceQuality "1"]
[WhiteTeam "Miskolc EMSE"]
[BlackTeam "Dunaharaszti"]
[WhiteTeamCountry "HUN"]
[BlackTeamCountry "HUN"]

1. e4 d6 2. d4 Nf6 3. Nc3 g6 4. Be2 Bg7 5. h4 c5 6. dxc5 Qa5 7. Kf1 Qxc5 8. Be3 Qa5 9. h5 gxh5 10. Nh3 Bxh3 11. Rxh3 Nc6 12. Bxh5 Ne5 13. Be2 a6 14. Nd5 Nxd5 15. Qxd5 Qxd5 16. exd5 Rc8 17. c3 Nc4 18. Bxc4 Rxc4 19. Ke2 b5 20. Kd3 Rg4 21. g3 h6 22. Rah1 Rg6 23. Rh4 Kd7 24. a4 e6 25. axb5 axb5 26. Ra1 exd5 27. Ra7+ Kc6 28. Rb4 Rb8 29. Rxf7 Bf6 30. Ra7 Bd8 31. Rh7 Bg5 32. Bxg5 hxg5 33. Rf7 Re8 34. Rf5 1/2-1/2

[Event "HUN-chT2 Charousek 0708"]
[Site "Hungary"]
[Date "2008.03.16"]
[Round "8"]
[White "Schubert, Gyula"]
[Black "Miovecz, Janos"]
[Result "1-0"]
[WhiteElo "2150"]
[BlackElo "2141"]
[PlyCount "81"]
[EventDate "2007.10.14"]
[EventType "team"]
[EventRounds "11"]
[EventCountry "HUN"]
[SourceTitle "EXT 2009"]
[Source "ChessBase"]
[SourceDate "2008.11.26"]
[SourceVersion "1"]
[SourceVersionDate "2008.11.26"]
[SourceQuality "1"]
[WhiteTeam "Dunaharaszti"]
[BlackTeam "Szenna Pack"]
[WhiteTeamCountry "HUN"]
[BlackTeamCountry "HUN"]

1. d4 Nf6 2. Nf3 d5 3. e3 e6 4. Bd3 c5 5. c3 Nc6 6. Nbd2 Bd6 7. 0-0 0-0 8. dxc5 Bxc5 9. e4 b6 10. Qe2 Qc7 11. e5 Ng4 12. Bxh7+ Kh8 13. Bc2 g6 14. b4 Be7 15. Re1 Nxb4 16. cxb4 Qxc2 17. Nd4 Qc3 18. N2b3 Nxh2 19. Bd2 Qc4 20. Kxh2 Kg7 21. Rac1 Qxe2 22. Rxe2 Ba6 23. b5 Bc8 24. Nc6 Ba3 25. Rc2 a6 26. Bg5 Rh8+ 27. Kg1 Kf8 28. Re3 axb5 29. Rf3 Rh5 30. Bf6 Bd7 31. g4 Rh7 32. Ncd4 Ra4 33. Rc7 Ke8 34. Rb7 Bc8 35. Rxb6 Bb2 36. Nxb5 Rxg4+ 37. Rg3 Rxg3+ 38. fxg3 Bxe5 39. Bxe5 Bd7 40. Bf6 Bxb5 41. Nc5 1-0

[Event "HUN-chT2 Charousek 0708"]
[Site "Hungary"]
[Date "2008.02.17"]
[Round "6"]
[White "Schubert, Gyula"]
[Black "Nemeth, Denes"]
[Result "0-1"]
[WhiteElo "2150"]
[BlackElo "2007"]
[PlyCount "82"]
[EventDate "2007.10.14"]
[EventType "team"]
[EventRounds "11"]
[EventCountry "HUN"]
[SourceTitle "EXT 2009"]
[Source "ChessBase"]
[SourceDate "2008.11.26"]
[SourceVersion "1"]
[SourceVersionDate "2008.11.26"]
[SourceQuality "1"]
[WhiteTeam "Dunaharaszti"]
[BlackTeam "Haladas II"]
[WhiteTeamCountry "HUN"]
[BlackTeamCountry "HUN"]

1. d4 Nf6 2. Nf3 e6 3. e3 d5 4. Bd3 Be7 5. Nbd2 0-0 6. 0-0 c5 7. b3 Nc6 8. a3 b6 9. Bb2 Bb7 10. Rc1 Rc8 11. Qe2 Bd6 12. e4 dxe4 13. Nxe4 cxd4 14. b4 Bb8 15. Rfd1 e5 16. Nfg5 Nxe4 17. Qxe4 f5 18. Bc4+ Kh8 19. Qh4 h6 20. Nf7+ Rxf7 21. Qxd8+ Nxd8 22. Bxf7 Nxf7 23. f4 Rc4 24. c3 e4 25. cxd4 Bd5 26. g3 Nd6 27. h4 Kg8 28. Kf2 Kf7 29. Bc3 Ke6 30. a4 a6 31. Rg1 h5 32. Rc2 Ba7 33. Rd1 b5 34. a5 Nc8 35. Ke3 Ne7 36. Rdd2 Nc6 37. Ba1 Rxc2 38. Rxc2 Bc4 39. Bc3 Kd5 40. g4 hxg4 41. h5 Nxd4 0-1

[Event "HUN-chT2 Charousek 0708"]
[Site "Hungary"]
[Date "2007.12.16"]
[Round "5"]
[White "Ritter, Gabor"]
[Black "Schubert, Gyula"]
[Result "1-0"]
[WhiteElo "2094"]
[BlackElo "2150"]
[PlyCount "93"]
[EventDate "2007.10.14"]
[EventType "team"]
[EventRounds "11"]
[EventCountry "HUN"]
[SourceTitle "EXT 2009"]
[Source "ChessBase"]
[SourceDate "2008.11.26"]
[SourceVersion "1"]
[SourceVersionDate "2008.11.26"]
[SourceQuality "1"]
[WhiteTeam "Vizugy"]
[BlackTeam "Dunaharaszti"]
[WhiteTeamCountry "HUN"]
[BlackTeamCountry "HUN"]

1. d4 Nf6 2. Nf3 d5 3. c4 e6 4. g3 Be7 5. Bg2 0-0 6. 0-0 b6 7. Nc3 Bb7 8. Ne5 Nbd7 9. Qa4 c5 10. Nxd7 Nxd7 11. cxd5 cxd4 12. Qxd4 Bf6 13. Qd1 Bxc3 14. bxc3 exd5 15. Bxd5 Bxd5 16. Qxd5 Qc8 17. Bb2 Nf6 18. Qf3 Re8 19. Rfd1 Qe6 20. e3 Rac8 21. Rd4 Ne4 22. a4 h6 23. Rad1 Nxc3 24. Bxc3 Rxc3 25. Rd7 a5 26. R1d6 Qb3 27. Rxb6 Rc1+ 28. Kg2 Qc4 29. Rd1 Rxd1 30. Qxd1 Qe4+ 31. Kg1 Rc8 32. Rd6 Qa8 33. Qd5 Qb8 34. Rd7 Qb1+ 35. Kg2 Rf8 36. Ra7 Qb6 37. Rxa5 Rd8 38. Ra8 Rxa8 39. Qxa8+ Kh7 40. a5 Qb5 41. a6 h5 42. Qb7 Qf5 43. h4 g5 44. Qf3 Qg6 45. a7 g4 46. Qd5 Qa6 47. a8Q 1-0

[Event "HUN-chT2 Charousek 0708"]
[Site "Hungary"]
[Date "2007.11.25"]
[Round "3"]
[White "Ress, Tamas"]
[Black "Schubert, Gyula"]
[Result "0-1"]
[WhiteElo "2171"]
[BlackElo "2150"]
[PlyCount "64"]
[EventDate "2007.10.14"]
[EventType "team"]
[EventRounds "11"]
[EventCountry "HUN"]
[SourceTitle "EXT 2009"]
[Source "ChessBase"]
[SourceDate "2008.11.26"]
[SourceVersion "1"]
[SourceVersionDate "2008.11.26"]
[SourceQuality "1"]
[WhiteTeam "Gyor Elektromos"]
[BlackTeam "Dunaharaszti"]
[WhiteTeamCountry "HUN"]
[BlackTeamCountry "HUN"]

1. d4 Nf6 2. c4 g6 3. Nc3 Bg7 4. e4 d6 5. Nf3 0-0 6. Be2 Nbd7 7. 0-0 e5 8. d5 Nc5 9. Qc2 a5 10. b3 b6 11. Ne1 Nfd7 12. Be3 f5 13. f3 f4 14. Bf2 g5 15. a3 Nf6 16. Nd3 Nxd3 17. Qxd3 h5 18. b4 Ne8 19. c5 bxc5 20. bxc5 g4 21. Nb5 Qg5 22. fxg4 hxg4 23. g3 Rf7 24. cxd6 cxd6 25. Rfc1 Ba6 26. Rc6 Bh6 27. Qc3 fxg3 28. hxg3 Bxb5 29. Bxb5 Rf3 30. Qc2 Qf6 31. Rf1 Be3 32. Rc3 Rxg3+ 0-1

[Event "HUN-chT2 Maroczy 0607"]
[Site "Hungary"]
[Date "2007.05.06"]
[Round "10"]
[White "Schubert, Gyula"]
[Black "Gal, Peter"]
[Result "1-0"]
[WhiteElo "2142"]
[BlackElo "2146"]
[PlyCount "79"]
[EventDate "2006.11.12"]
[EventType "team"]
[EventRounds "11"]
[EventCountry "HUN"]
[SourceTitle "EXT 2008"]
[Source "ChessBase"]
[SourceDate "2007.11.25"]
[SourceVersion "1"]
[SourceVersionDate "2007.11.25"]
[SourceQuality "1"]
[WhiteTeam "Dunaharaszti"]
[BlackTeam "Fuzesabony"]
[WhiteTeamCountry "HUN"]
[BlackTeamCountry "HUN"]

1. e4 g6 2. d4 Bg7 3. Nf3 b6 4. Nc3 Bb7 5. Bc4 d6 6. Be3 e6 7. Qd2 h6 8. 0-0-0 Nd7 9. d5 e5 10. Ne1 Qe7 11. Nd3 Ngf6 12. f3 a6 13. g4 h5 14. g5 Nh7 15. Rhg1 Nhf8 16. Qf2 Nc5 17. Nb4 b5 18. Bf1 Nfd7 19. Nc6 Bxc6 20. dxc6 Nb6 21. Bxc5 dxc5 22. Nd5 Nxd5 23. Rxd5 c4 24. Bh3 0-0 25. Rd7 Qb4 26. a3 Qa5 27. Qc5 Rfe8 28. Qd5 Rf8 29. Rd1 Qb6 30. Kb1 Rae8 31. Bf5 gxf5 32. g6 Kh8 33. gxf7 Rc8 34. Qe6 fxe4 35. f4 Qf2 36. fxe5 e3 37. Qg6 Qf3 38. Rg1 Rg8 39. fxg8Q+ Rxg8 40. Rxg7 1-0

[Event "HUN-chT2 Maroczy 0607"]
[Site "Hungary"]
[Date "2007.04.15"]
[Round "8"]
[White "Schubert, Gyula"]
[Black "Csolto, Tibor"]
[Result "1/2-1/2"]
[WhiteElo "2142"]
[BlackElo "2157"]
[PlyCount "104"]
[EventDate "2006.11.12"]
[EventType "team"]
[EventRounds "11"]
[EventCountry "HUN"]
[SourceTitle "EXT 2008"]
[Source "ChessBase"]
[SourceDate "2007.11.25"]
[SourceVersion "1"]
[SourceVersionDate "2007.11.25"]
[SourceQuality "1"]
[WhiteTeam "Dunaharaszti"]
[BlackTeam "Kazincbarcika"]
[WhiteTeamCountry "HUN"]
[BlackTeamCountry "HUN"]

1. e4 c5 2. Nf3 d6 3. d4 cxd4 4. Nxd4 Nf6 5. Nc3 Nc6 6. Be3 Ng4 7. Qd2 Nxe3 8. Qxe3 Bd7 9. 0-0-0 a6 10. f4 e6 11. g4 Be7 12. Kb1 b5 13. h4 Qb6 14. Nf5 Qxe3 15. Nxe3 Rc8 16. g5 h6 17. Bh3 Na5 18. Ng4 hxg5 19. hxg5 Rh4 20. Rd3 b4 21. Nd1 Bb5 22. Rg3 Nc4 23. Bg2 Rxh1 24. Bxh1 Bc6 25. Ngf2 Kd7 26. b3 Na3+ 27. Kb2 d5 28. exd5 Bxd5 29. c4 Bd6 30. Rd3 Bxh1 31. Nxh1 Ke7 32. Rf3 Rh8 33. Nhf2 Rh2 34. Kc1 Rg2 35. Kd2 e5 36. Ne3 e4 37. Nxg2 exf3 38. Ne1 Bxf4+ 39. Kd3 Bxg5 40. Nxf3 Bf6 41. Ne4 Nb1 42. Nxf6 Kxf6 43. Nd4 a5 44. Nc6 g5 45. Nxa5 Nc3 46. a4 g4 47. Nc6 g3 48. Nd4 Ke5 49. a5 g2 50. Nf3+ Kd6 51. Ke3 Kc7 52. Kf2 Ne4+ 1/2-1/2

[Event "HUN-chT2 Maroczy 0607"]
[Site "Hungary"]
[Date "2007.03.04"]
[Round "6"]
[White "Kovacs, Istvan2222"]
[Black "Schubert, Gyula"]
[Result "0-1"]
[WhiteElo "2072"]
[BlackElo "2142"]
[PlyCount "114"]
[EventDate "2006.11.12"]
[EventType "team"]
[EventRounds "11"]
[EventCountry "HUN"]
[SourceTitle "EXT 2008"]
[Source "ChessBase"]
[SourceDate "2007.11.25"]
[SourceVersion "1"]
[SourceVersionDate "2007.11.25"]
[SourceQuality "1"]
[WhiteTeam "Teva"]
[BlackTeam "Dunaharaszti"]
[WhiteTeamCountry "HUN"]
[BlackTeamCountry "HUN"]

1. d4 Nf6 2. c4 g6 3. Nc3 Bg7 4. Nf3 0-0 5. Bg5 h6 6. Bh4 c5 7. e3 Qa5 8. Nd2 cxd4 9. exd4 Nc6 10. Nb3 Qd8 11. d5 Nb4 12. a3 Na6 13. Be2 d6 14. 0-0 Bd7 15. f4 Rc8 16. Kh1 b6 17. Nd4 Nc5 18. Bf3 e5 19. dxe6 Nxe6 20. Nxe6 Bxe6 21. b3 Qd7 22. Rc1 a6 23. a4 Rb8 24. Qd2 Rfc8 25. Rfd1 Ne8 26. Ne4 b5 27. axb5 axb5 28. c5 Bxb3 29. Re1 d5 30. Nf2 Nf6 31. Bxf6 Bxf6 32. Bg4 Qc6 33. Bxc8 Rxc8 34. Nd3 Bc4 35. Qe3 d4 36. Qd2 Qd5 37. Ne5 Rxc5 38. Nd3 Rc8 39. h3 h5 40. Kh2 Ra8 41. Rc2 Ra3 42. Re8+ Kg7 43. Qb4 Rxd3 44. Qf8+ Kh7 45. Qg8+ Kh6 46. g4 Rxh3+ 47. Kxh3 Qf3+ 48. Kh2 Qxf4+ 49. Kg1 d3 50. Rg2 d2 51. Qf8+ Bg7 52. g5+ Qxg5 53. Qd6 d1Q+ 54. Qxd1 Qc5+ 55. Kh2 Be5+ 56. Kh1 Bd5 57. Qd2+ Kh7 0-1

[Event "HUN-chT2 Maroczy 0607"]
[Site "Hungary"]
[Date "2006.12.03"]
[Round "3"]
[White "Schubert, Gyula"]
[Black "Bernath, Robert"]
[Result "1/2-1/2"]
[WhiteElo "2142"]
[BlackElo "2155"]
[PlyCount "59"]
[EventDate "2006.11.12"]
[EventType "team"]
[EventRounds "11"]
[EventCountry "HUN"]
[SourceTitle "EXT 2008"]
[Source "ChessBase"]
[SourceDate "2007.11.25"]
[SourceVersion "1"]
[SourceVersionDate "2007.11.25"]
[SourceQuality "1"]
[WhiteTeam "Dunaharaszti"]
[BlackTeam "Maroczy"]
[WhiteTeamCountry "HUN"]
[BlackTeamCountry "HUN"]

1. d4 Nf6 2. Nf3 d5 3. e3 c5 4. c3 Nbd7 5. Bd3 g6 6. Nbd2 Bg7 7. 0-0 0-0 8. e4 dxe4 9. Nxe4 Nxe4 10. Bxe4 Nf6 11. Bc2 cxd4 12. Qxd4 Qxd4 13. Nxd4 Rd8 14. Re1 Nd5 15. Bg5 Bxd4 16. cxd4 Be6 17. Bb3 Rac8 18. Rac1 Rxc1 19. Rxc1 f6 20. Be3 Kf7 21. Bxd5 Bxd5 22. a3 Be6 23. f3 Rc8 24. Rc5 Rxc5 25. dxc5 a6 26. Kf2 Bd5 27. Ke2 Ke6 28. Kd3 Kd7 29. h4 e5 30. Bh6 1/2-1/2

[Event "HUN-chT2 Maroczy 0506"]
[Site "Hungary"]
[Date "2006.03.19"]
[Round "9"]
[White "Schubert, Gyula"]
[Black "Kovacs, Istvan2222"]
[Result "1-0"]
[WhiteElo "2168"]
[BlackElo "2098"]
[PlyCount "99"]
[EventDate "2005.10.16"]
[EventType "team"]
[EventRounds "11"]
[EventCountry "HUN"]
[SourceTitle "EXT 2009"]
[Source "ChessBase"]
[SourceDate "2008.11.26"]
[SourceVersion "1"]
[SourceVersionDate "2008.11.26"]
[SourceQuality "1"]
[WhiteTeam "Dunaharaszti"]
[BlackTeam "Teva"]
[WhiteTeamCountry "HUN"]
[BlackTeamCountry "HUN"]

1. d4 d5 2. Nf3 c6 3. e3 Bf5 4. Bd3 Bg6 5. Ne5 Nd7 6. Nxg6 hxg6 7. Nd2 e5 8. dxe5 Nxe5 9. Be2 Nf6 10. f4 Ned7 11. Bf3 Nc5 12. Qe2 Bd6 13. g3 0-0 14. 0-0 Re8 15. Re1 Nce4 16. c3 Nxd2 17. Bxd2 Qb6 18. b4 Ne4 19. Rad1 Re7 20. Qd3 Rae8 21. Bc1 a5 22. a3 Qa6 23. Qxa6 bxa6 24. Bb2 Bc7 25. c4 dxc4 26. Bd4 axb4 27. axb4 a5 28. Bxe4 Rxe4 29. bxa5 Bxa5 30. Re2 Bb4 31. Kf2 c5 32. Be5 f6 33. Kf3 R4xe5 34. fxe5 Rxe5 35. e4 Kf7 36. Rd7+ Ke6 37. Rxg7 c3 38. Rxg6 Kf7 39. Rg4 c4 40. Rf4 Bc5 41. Rf5 Ke6 42. Rc2 Bd4 43. g4 Kf7 44. Rxe5 Bxe5 45. h4 Ke6 46. h5 Kf7 47. Ra2 Kg7 48. Ra4 Kh6 49. Rxc4 Kg5 50. Rc5 1-0